000 00767cam a2200253 a 4500
001 11767706
005 20180123045019.0
008 990721s2000 maua b 001 0 eng
010 _a 99041277
020 _a0205296270
035 _a(DLC) 99041277
040 _aDLC
_cDLC
_dDLC
041 _aeng
080 _a796.14 gle
082 0 0 _a796.14 gle
_221
100 1 _a46
101 _aedu
245 1 0 _aChildren's games from around the world /
_cGlenn Kirchner.
504 _aIncludes bibliographical references (p. 202) and index.
906 _a7
_bcbc
_corignew
_d1
_eocip
_f19
_gy-gencatlg
942 _2ddc
_cBK
999 _c40760
_d40760